000 00290nam a22001097a 4500
999 _c13780
_d13780
082 _a891.43
100 _aشیخ ایاز
245 _aرسالہ شاہ عبداللطیف بھٹائی رح
260 _aکراچی
_bسندھیکا اکیڈمی
300 _a٦٦٣ صفحات
942 _cBK